000 00782nam a22002297a 4500
003 UA-OsUOA
001 58676
007 ta
008 20090218b un ||||| |||| 00| 0 ukr d
090 _a517/519
_bП70
942 _cBK
040 _aUA-OsUOA
_bukr
_cUA-OsUOA
_dUA-OsUOA
245 _aПраці міжнародного симпозіуму "Питання оптимізації обчислень (ПОО - ХХХІІІ)"
_bПрисвячується 50-річчю створення Інституту кібернетики ім. В. М. Глушкова НАН України
300 _a334 с.
955 _a2
041 _aukr
080 _a517/519
020 _a978-966-02-4341-5
260 _aК.
_c2007
650 7 _a517 Аналіз
_2UDC
999 _c344699
_d344699